[Event "GER-chT U16"]
[Site "Lingen"]
[Date "2015.12.27"]
[Round "2.4"]
[White "Katzschmann, Christian"]
[Black "Kitzinger, Alexander"]
[Result "1-0"]
[WhiteElo "1364"]
[BlackElo "1444"]
[PlyCount "79"]
[EventDate "2015.12.27"]
[EventType "team-swiss"]
[EventRounds "7"]
[EventCountry "GER"]
[SourceTitle "EXT 2017"]
[Source "ChessBase"]
[SourceDate "2016.10.25"]
[SourceVersion "1"]
[SourceVersionDate "2016.10.25"]
[SourceQuality "1"]
[WhiteTeam "Weimar Vimaria"]
[BlackTeam "Gau Algesheim"]
[WhiteTeamCountry "GER"]
[BlackTeamCountry "GER"]

1. d4 Nf6 2. Nf3 g6 3. Nc3 Bg7 4. e4 d6 5. Be2 c5 6. dxc5 dxc5 7. Qxd8+ Kxd8 8. Be3 b6 9. 0-0-0+ Nbd7 10. Ng5 Ke8 11. Nb5 Rb8 12. Nxa7 Bb7 13. f3 Ra8 14. Nb5 Rxa2 15. Kb1 Ra5 16. Bd2 Rxb5 17. Bxb5 e6 18. Bc3 Bc8 19. Rd3 h6 20. Nh3 Ke7 21. Rhd1 Rd8 22. Nf2 h5 23. g4 Ne8 24. Bxg7 Nxg7 25. e5 Ne8 26. Ne4 Nc7 27. Bc6 hxg4 28. fxg4 Nd5 29. Bxd5 exd5 30. Nd6 Nxe5 31. Nxc8+ Rxc8 32. Rxd5 Nxg4 33. h3 Nf6 34. Re1+ Kf8 35. Rd6 Kg7 36. Rxb6 Nd5 37. Rb7 g5 38. Rf1 Rf8 39. Rf5 Nf4 40. Rxg5+ 1-0